| 000 | 00620nam a2200229Ia 4500 | ||
|---|---|---|---|
| 003 | OSt | ||
| 005 | 20230517171907.0 | ||
| 008 | 210423s2006 xx 000 0 und d | ||
| 020 | _a978-0-495-01398-4 | ||
| 040 | _cAL | ||
| 041 | _aeng | ||
| 082 |
_a574 _223 _bSTAB |
||
| 100 |
_aSTARR (Cecie);EVERS (Christine A);STARR (Lisa) _9107434 |
||
| 245 | _aBiology: concepts and applications Ed 6 | ||
| 250 | _a6 | ||
| 260 |
_aCanada _bThomson Books/Cole _c2006 |
||
| 300 |
_axx,795 _bPB |
||
| 365 |
_b4257.5 _cUSD |
||
| 650 |
_aBiology _9107435 |
||
| 906 | _aapplications ; Biology: ; concepts ; Ed | ||
| 942 |
_2ddc _cBK |
||
| 999 |
_c166687 _d166687 |
||